000
00214nam a2200085Ia 4500
008
170620s9999 xx 000 0 und d
100
_a
Hughes- A. G.
245
0
_a
Learning and Teaching
260
_b
New Delhi- Sonali Publication
260
_c
2003
999
_c
24412
_d
24412